000 00424nam a2200181Ia 4500
001 14937
005 20260306164951.0
008 260306t2019||||xx |||||||||||||| ||spa||
041 _aESP
082 _a519.5
_bQ39
100 _aQuezada Lucio, Nel
_eAUT
245 0 _aEstadĂ­stica para ingenieros
260 _c2019
300 _a291 páginas :
_c25 cm.
650 _aGEN
654 _aCII
942 _cLIB
_dJUS
_fJUS
_2ddc
_n
999 _c14937
_d14937